[Event "Aracaju rapid op"]
[Site "Aracaju"]
[Date "2020.01.18"]
[Round "3"]
[White "Gomes Barbosa, Laura Sophia"]
[Black "Cruz, Rafael Hora Gois"]
[Result "0-1"]
[WhiteElo "1900"]
[BlackElo "1914"]
[PlyCount "100"]
[EventDate "2020.01.18"]
[EventType "swiss"]
[EventRounds "4"]
[EventCountry "BRA"]
[SourceTitle "CBM 194 Extra"]
[Source "ChessBase"]
[SourceDate "2020.03.31"]
[SourceVersion "1"]
[SourceVersionDate "2020.03.31"]
[SourceQuality "1"]

1. e4 e6 2. Nc3 d5 3. d3 c5 4. Be2 Nc6 5. Nf3 Nf6 6. 0-0 Be7 7. Bg5 0-0 8. Bxf6 Bxf6 9. h3 d4 10. Nb1 Ne5 11. c3 Nxf3+ 12. Bxf3 Qb6 13. Qb3 Qxb3 14. axb3 a5 15. Re1 e5 16. Nd2 b5 17. Rec1 Be7 18. Nf1 Bb7 19. c4 b4 20. Ra2 f5 21. Nd2 Bg5 22. Rd1 Ra7 23. Nf1 fxe4 24. dxe4 Rf4 25. Re1 Rf8 26. Rea1 Rfa8 27. Ng3 g6 28. Bg4 Bf4 29. Be6+ Kg7 30. Bd5 Bxd5 31. exd5 Kf7 32. Ne4 Ke7 33. Nxc5 Kd6 34. Nd3 Bg5 35. Re1 Re8 36. g3 e4 37. Nf4 Bxf4 38. gxf4 Kc5 39. h4 e3 40. f3 Raa8 41. Re2 d3 42. Re1 d2 43. Rd1 e2 44. Rxd2 e1Q+ 45. Kg2 Qxd2+ 46. Kg3 Qe1+ 47. Kh3 Re2 48. d6 Qf1+ 49. Kg3 Qf2+ 50. Kh3 Qg2# 0-1